00270nam a2200097Ia 4500008004000000082001600040100001700056245005500073260003600128300000800164210210b1972 xxu||||| |||| 00| 0 eng d a361.65 MADW aMADAN (G R). aWelfare state and problems of democratic planning. aBombaybAllied Publishersc1972 a152